All The Weeknd Songs (May 2025) - Statistics

General Stats
  • This quiz has been taken 14 times
    12 since last reset
  • The average score is 45 of 252
Answer Stats
Year Song % Correct
2016 Starboy (feat. Daft Punk)
90%
Starboy - Remix (feat. Daft Punk & Kygo)
90%
Popular (with Playboi Carti & Madonna)
80%
Save Your Tears
80%
Save Your Tears - Remix (feat. Ariana Grande)
80%
Stargirl Interlude (feat. Lana Del Rey)
80%
After Hours
70%
Blinding Lights
70%
Blinding Lights - Remix (feat. ROSALÍA)
70%
Can't Feel My Face
70%
Die For You
70%
2023 Die For You - Remix (feat. Ariana Grande)
70%
I Feel It Coming (feat. Daft Punk)
70%
One Of The Girls (with JENNIE & Lily-Rose Depp)
70%
The Hills
70%
The Hills - Remix (feat. Eminem)
70%
The Hills - Remix (feat. Nicki Minaj)
70%
2018 Call Out My Name
60%
Call Out My Name - A Cappella
60%
2024 São Paulo (feat. Anitta)
60%
Timeless (feat. Playboi Carti)
60%
House Of Balloons / Glass Table Girls
50%
In Your Eyes
50%
In Your Eyes - Remix (feat. Doja Cat)
50%
In Your Eyes - Remix (feat. Kenny G)
50%
Is There Someone Else?
50%
Kiss Land
50%
2021 Take My Breath
50%
Take My Breath - Single Version
50%
Creepin' - Remix (with Metro Boomin, 21 Savage & Diddy)
40%
Creepin' (with Metro Boomin & 21 Savage)
40%
2022 Dawn FM
40%
Hurry Up Tomorrow
40%
I Was Never There (feat. Gesaffelstein)
40%
Lost in the Fire (with Gesaffelstein)
40%
Moth to a Flame (with Swedish House Mafia)
40%
Opening Night
40%
Out of Time
40%
Reminder
40%
2017 Reminder - Remix (feat. A$AP Rocky & Young Thug)
40%
Sacrifice
40%
Wicked Games
40%
Baptized In Fear
30%
Best Friends
30%
Closing Night (feat. Swedish House Mafia)
30%
Cry For Me
30%
Don't Break My Heart
30%
Earned It (Fifty Shades Of Grey)
30%
Echoes Of Silence
30%
Enjoy The Show (feat. Future)
30%
Faith
30%
False Alarm
30%
2019 Heartless
30%
Heartless - Remix (feat. Lil Uzi Vert)
30%
I Can't Fucking Sing
30%
K-POP (with Travis Scott & Bad Bunny)
30%
Less Than Zero
30%
Niagara Falls
30%
2014 Often
30%
Open Hearts
30%
Party Monster
30%
Pray For Me (feat. Kendrick Lamar)
30%
Secrets
30%
Secrets (with Jr. Hi)
30%
Take Me Back
30%
Take Me Back To LA
30%
The Abyss (feat. Lana Del Rey)
30%
The Morning
30%
Thursday
30%
2025 Wake Me Up (feat. Justice)
30%
We Still Don't Trust You (with Future & Metro Boomin)
30%
Without a Warning
30%
Acquainted
20%
2020 Alone Again
20%
A Lonely Night
20%
Always Be My Fault (with Future & Metro Boomin)
20%
Angel
20%
Coming Down
20%
Crew Love (with Drake)
20%
Dancing In The Flames
20%
Double Fantasy (with Future)
20%
Drive
20%
Escape From LA
20%
Gasoline
20%
Given Up On Me
20%
2011 High For This
20%
How Do I Make You Love Me?
20%
I Can't Wait To Get There
20%
I Heard You're Married (feat. Lil Wayne)
20%
LA FAMA (with ROSALÍA)
20%
Low Life (with Future)
20%
Nothing Compares
20%
One Right Now (with Post Malone)
20%
Phantom Regret by Jim
20%
Prisoner (feat. Lana Del Rey)
20%
Red Terror
20%
Reflections Laughing (feat. Travis Scott & Florence + The Machine)
20%
Scared To Live
20%
Snowchild
20%
Tell Your Friends
20%
The Town
20%
The Zone (feat. Drake)
20%
Too Late
20%
True Colors
20%
Until I Bleed Out
20%
Until We're Skin & Bones
20%
You Right - Extended (with Doja Cat)
20%
You Right (with Doja Cat)
20%
All I Know (feat. Future)
10%
All to Myself (with Future & Metro Boomin)
10%
Attention
10%
Big Sleep (feat. Giorgio Moroder)
10%
CIRCUS MAXIMUS (with Travis Scott & Swae Lee)
10%
Dark Times (feat. Ed Sheeran)
10%
False Idols (with Lil Baby & Suzanna Son)
10%
Final Lullaby
10%
Give Me Mercy
10%
Hardest To Love
10%
Hurricane (with Kanye West & Lil Baby)
10%
Jealous Guy
10%
King Of The Fall
10%
Losers (feat. Labrinth)
10%
Love Me Harder (with Ariana Grande)
10%
Lust for Life (with Lana Del Rey)
10%
Missed You
10%
Montreal
10%
Nothing Without You
10%
Ordinary Life
10%
Or Nah - Remix (with Ty Dolla $ign, Wiz Khalifa & Mustard)
10%
Pray 4 Love (with Travis Scott)
10%
RATHER LIE (with Playboi Carti)
10%
2015 Real Life
10%
Repeat After Me (Interlude)
10%
Rockin'
10%
Rolling Stone
10%
Runaway
10%
Shameless
10%
Sidewalks (feat. Kendrick Lamar)
10%
Six Feet Under
10%
SKELETONS (with Travis Scott & Pharrell Williams)
10%
Society
10%
Starry Eyes
10%
Tears In The Rain
10%
The Fall
10%
Try Me
10%
Valerie
10%
WAKE UP (with Travis Scott)
10%
Wasted Times
10%
6 Inch (with Beyoncé)
0%
Adaptation
0%
A Lesser Man
0%
A Lie (with French Montana & Max B)
0%
Another One Of Me (with Diddy, French Montana & 21 Savage)
0%
Appointment
0%
Artificial Intelligence (with MIKE DEAN)
0%
As You Are
0%
A Tale By Quincy
0%
Bedtime Stories (with Rae Sremmurd, Swae Lee & Slim Jxmmi)
0%
Belong To The World
0%
Better Believe (with Belly & Young Thug)
0%
2009 Birthday Suit
0%
Cameras / Good Ones Go Interlude (with Drake)
0%
Christmas Blues (with Sabrina Claudio)
0%
Come Thru (with Trouble & Mike WiLL Made-It)
0%
Comin Out Strong (with Future)
0%
Cure
0%
Curve (with Gucci Mane)
0%
D.D.
0%
Defame Moi (wiith MIKE DEAN)
0%
Devil May Cry
0%
Die For It (with Belly & Nas)
0%
Do It
0%
Dollhouse (with Lily-Rose Depp)
0%
Drinks On Us (with Mike WiLL Made-It, Swae Lee & Future)
0%
Drunk In Love - Remix (with T.I.)
0%
Elastic Heart (with Sia & Diplo)
0%
Emotionless (with MIKE DEAN)
0%
Every Angel is Terrifying
0%
Exodus (with M.I.A.)
0%
Family (with Suzanna Son)
0%
Fill The Void (with Lily-Rose Depp & Ramsey)
0%
FML (with Kanye West)
0%
Gifted (with French Montana)
0%
Gone
0%
Hawái - Remix (with Maluma)
0%
Heaven Or Las Vegas
0%
Here We Go... Again (feat. Tyler, The Creator)
0%
Hurt You (feat. Gesaffelstein)
0%
Initiation
0%
In The Mood
0%
In The Night
0%
In Vein (with Rick Ross)
0%
Life Of The Party
0%
Like A God
0%
Live For (feat. Drake)
0%
Loft Music
0%
Lonely Star
0%
Love In The Sky
0%
Love Through Her
0%
Love To Lay
0%
Make It - DJAmg Remixer (with AtariJones)
0%
Marry The Night - Remix (with Lady Gaga & Illangelo)
0%
Material Girl
0%
Might Not (with Belly)
0%
More Coke!! (with MIKE DEAN)
0%
Next
0%
Nocturnal (with Disclosure)
0%
Nomads (with Ricky Hil)
0%
No Nightmares (with Oneohtrix Point Never)
0%
Nothing Is Lost (You Give Me Strength)
0%
Odd Look (with Kavinsky)
0%
off the table (with Ariana Grande)
0%
One Of Those Nights (with Juicy J)
0%
Outside
0%
Over Now (with Calvin Harris)
0%
Poison (wiith Aaliyah)
0%
Power is Power (with SZA & Travis Scott)
0%
Pretty
0%
Price On My Head (with NAV)
0%
Privilege
0%
2013 Professional
0%
Pullin Up (with Meek Mill)
0%
Rambo (Last Blood) (with Bryson Tiller)
0%
Remember You (with Wiz Khalifa)
0%
Rescue You
0%
Same Old Song (feat. Juicy J)
0%
Shake It Out - Remix (with Florence + The Machine, Martin "Doc" McKinney & Carlo Montagnese
0%
Smile (with Juice WRLD)
0%
Some Way (with NAV)
0%
Superhero
0%
tears in the club (with FKA Twigs)
0%
The Birds Pt. 1
0%
The Birds Pt. 2
0%
The Knowing
0%
The Lure (Main Theme) (with MIKE DEAN)
0%
The Party & The After Party
0%
The Ride (with Drake)
0%
Thought I Knew You (with Nicki Minaj)
0%
Till Dawn (Here Comes The Sun)
0%
2012 Twenty Eight
0%
UnFazed (with Lil Uzi Vert)
0%
UNLIMITED (with NAV & Playboi Carti)
0%
Wanderlust
0%
Wanderlust - Remix (feat. Pharell Williams)
0%
What You Need
0%
What You Want (with Belly)
0%
Where You Belong
0%
Wild Love (with Cashmere Cat & Francis and the Lights)
0%
wonderful (with Travis Scott)
0%
XO / The Host
0%
X-Ray
0%
Young Metro (with Future & Metro Boomin)
0%
No matching quizzes found
Score Distribution
Percent of People with Each Score
Percentile by Number Answered
Your Score History
You have not taken this quiz since the last reset